Arm and Forearm muscles - Statistics

General Stats
  • This quiz has been taken 135 times
    132 since last reset
  • The average score is 7 of 27
Answer Stats
Picture Answer % Correct
Brachialis
49%
Pronator teres
46%
Coracobrachialis
44%
Brachioradialis
41%
Pronator quadratus
41%
Palmaris longus
39%
Extensor digiti minimi
32%
Supinator
32%
Extensor carpi ulnaris
29%
Flexor carpi ulnaris
29%
Anconeus
24%
Biceps brachii long head
24%
Biceps brachii short head
24%
Flexor digitorum profundus
24%
Flexor digitorum superficialis
24%
Flexor carpi radialis
22%
Flexor pollicis longus
22%
Extensor pollicis brevis
20%
Extensor pollicis longus
20%
Triceps brachii lateral head
17%
Triceps brachii long head
17%
Abductor pollicis longus
15%
Extensor carpi radialis brevis
15%
Extensor carpi radialis longus
15%
Triceps brachii medial head
15%
Extensor indices
10%
Extensor digitorum communis
7%
No matching quizzes found
Score Distribution
Percent of People with Each Score
Percentile by Number Answered
Your Score History
You have not taken this quiz since the last reset